<?xml version="1.0" encoding="UTF-8"?>
<record
    xmlns:xsi="http://www.w3.org/2001/XMLSchema-instance"
    xsi:schemaLocation="http://www.loc.gov/MARC21/slim http://www.loc.gov/standards/marcxml/schema/MARC21slim.xsd"
    xmlns="http://www.loc.gov/MARC21/slim">

  <leader>00756cam a2200205 a 4500</leader>
  <datafield tag="999" ind1=" " ind2=" ">
    <subfield code="c">3139</subfield>
    <subfield code="d">3139</subfield>
  </datafield>
  <controlfield tag="008">931119s1993    enka     b    001 0 eng  </controlfield>
  <datafield tag="020" ind1=" " ind2=" ">
    <subfield code="a">0750616474</subfield>
  </datafield>
  <datafield tag="082" ind1="0" ind2="0">
    <subfield code="a">623.8503</subfield>
    <subfield code="2">20</subfield>
    <subfield code="b">M1454</subfield>
  </datafield>
  <datafield tag="100" ind1="1" ind2=" ">
    <subfield code="a">McGeorge, H. D.</subfield>
    <subfield code="q">(H. David)</subfield>
  </datafield>
  <datafield tag="245" ind1="1" ind2="0">
    <subfield code="a">Marine electrical equipment and practice /</subfield>
  </datafield>
  <datafield tag="250" ind1=" " ind2=" ">
    <subfield code="a">2nd ed.</subfield>
  </datafield>
  <datafield tag="260" ind1=" " ind2=" ">
    <subfield code="a">Oxford ;</subfield>
    <subfield code="a">Boston :</subfield>
    <subfield code="b">Newnes,</subfield>
    <subfield code="c">c1993.</subfield>
  </datafield>
  <datafield tag="300" ind1=" " ind2=" ">
    <subfield code="a">158 p. :</subfield>
    <subfield code="b">ill. ;</subfield>
    <subfield code="c">21 cm.</subfield>
  </datafield>
  <datafield tag="440" ind1=" " ind2="0">
    <subfield code="a">Marine engineering series</subfield>
  </datafield>
  <datafield tag="504" ind1=" " ind2=" ">
    <subfield code="a">Includes bibliographical references and index.</subfield>
  </datafield>
  <datafield tag="650" ind1=" " ind2="0">
    <subfield code="a">Ships</subfield>
    <subfield code="x">Electric equipment</subfield>
    <subfield code="z">Great Britain</subfield>
    <subfield code="x">Maintenance and repair.</subfield>
  </datafield>
  <datafield tag="856" ind1="4" ind2="2">
    <subfield code="u">http://www.loc.gov/catdir/description/els032/93234036.html</subfield>
  </datafield>
  <datafield tag="856" ind1="4" ind2="1">
    <subfield code="u">http://www.loc.gov/catdir/toc/els032/93234036.html</subfield>
  </datafield>
  <datafield tag="942" ind1=" " ind2=" ">
    <subfield code="c">BK</subfield>
  </datafield>
  <datafield tag="952" ind1=" " ind2=" ">
    <subfield code="0">0</subfield>
    <subfield code="1">0</subfield>
    <subfield code="2">ddc</subfield>
    <subfield code="4">0</subfield>
    <subfield code="6">623_850300000000000_M1454</subfield>
    <subfield code="7">0</subfield>
    <subfield code="9">8126</subfield>
    <subfield code="a">CL</subfield>
    <subfield code="b">CL</subfield>
    <subfield code="d">2011-04-28</subfield>
    <subfield code="e">Shroff Publishers and Distributors</subfield>
    <subfield code="o">623.8503 M1454</subfield>
    <subfield code="p">11220</subfield>
    <subfield code="r">2020-03-20</subfield>
    <subfield code="v">1619.00</subfield>
    <subfield code="y">BK</subfield>
  </datafield>
  <datafield tag="952" ind1=" " ind2=" ">
    <subfield code="0">0</subfield>
    <subfield code="1">0</subfield>
    <subfield code="2">ddc</subfield>
    <subfield code="4">0</subfield>
    <subfield code="6">623_850300000000000_M1454</subfield>
    <subfield code="7">0</subfield>
    <subfield code="9">8127</subfield>
    <subfield code="a">CL</subfield>
    <subfield code="b">CL</subfield>
    <subfield code="d">2011-04-28</subfield>
    <subfield code="e">Shroff Publishers and Distributors</subfield>
    <subfield code="o">623.8503 M1454</subfield>
    <subfield code="p">11221</subfield>
    <subfield code="r">2020-03-20</subfield>
    <subfield code="v">1619.00</subfield>
    <subfield code="y">BK</subfield>
  </datafield>
  <datafield tag="952" ind1=" " ind2=" ">
    <subfield code="0">0</subfield>
    <subfield code="1">0</subfield>
    <subfield code="2">ddc</subfield>
    <subfield code="4">0</subfield>
    <subfield code="6">623_850300000000000_M1454</subfield>
    <subfield code="7">0</subfield>
    <subfield code="9">8128</subfield>
    <subfield code="a">CL</subfield>
    <subfield code="b">CL</subfield>
    <subfield code="d">2011-04-28</subfield>
    <subfield code="e">Shroff Publishers and Distributors</subfield>
    <subfield code="o">623.8503 M1454</subfield>
    <subfield code="p">11222</subfield>
    <subfield code="r">2020-03-20</subfield>
    <subfield code="v">1619.00</subfield>
    <subfield code="y">BK</subfield>
  </datafield>
  <datafield tag="952" ind1=" " ind2=" ">
    <subfield code="0">0</subfield>
    <subfield code="1">0</subfield>
    <subfield code="2">ddc</subfield>
    <subfield code="4">0</subfield>
    <subfield code="6">623_850300000000000_M1454</subfield>
    <subfield code="7">0</subfield>
    <subfield code="9">8129</subfield>
    <subfield code="a">CL</subfield>
    <subfield code="b">CL</subfield>
    <subfield code="d">2011-04-28</subfield>
    <subfield code="e">Shroff Publishers and Distributors</subfield>
    <subfield code="l">2</subfield>
    <subfield code="m">1</subfield>
    <subfield code="o">623.8503 M1454</subfield>
    <subfield code="p">11223</subfield>
    <subfield code="r">2026-05-04</subfield>
    <subfield code="s">2026-04-30</subfield>
    <subfield code="v">1619.00</subfield>
    <subfield code="y">BK</subfield>
  </datafield>
  <datafield tag="952" ind1=" " ind2=" ">
    <subfield code="0">0</subfield>
    <subfield code="1">0</subfield>
    <subfield code="2">ddc</subfield>
    <subfield code="4">0</subfield>
    <subfield code="6">623_850300000000000_M1454</subfield>
    <subfield code="7">0</subfield>
    <subfield code="9">8130</subfield>
    <subfield code="a">CL</subfield>
    <subfield code="b">CL</subfield>
    <subfield code="d">2011-04-28</subfield>
    <subfield code="e">Shroff Publishers and Distributors</subfield>
    <subfield code="o">623.8503 M1454</subfield>
    <subfield code="p">11224</subfield>
    <subfield code="r">2020-03-20</subfield>
    <subfield code="v">1619.00</subfield>
    <subfield code="y">BK</subfield>
  </datafield>
  <datafield tag="952" ind1=" " ind2=" ">
    <subfield code="0">0</subfield>
    <subfield code="1">0</subfield>
    <subfield code="2">ddc</subfield>
    <subfield code="4">0</subfield>
    <subfield code="6">623_850300000000000_M1454</subfield>
    <subfield code="7">0</subfield>
    <subfield code="9">8131</subfield>
    <subfield code="a">CL</subfield>
    <subfield code="b">CL</subfield>
    <subfield code="d">2011-04-28</subfield>
    <subfield code="e">Shroff Publishers and Distributors</subfield>
    <subfield code="l">1</subfield>
    <subfield code="o">623.8503 M1454</subfield>
    <subfield code="p">11225</subfield>
    <subfield code="r">2026-06-09</subfield>
    <subfield code="s">2026-06-04</subfield>
    <subfield code="v">1619.00</subfield>
    <subfield code="y">BK</subfield>
  </datafield>
  <datafield tag="952" ind1=" " ind2=" ">
    <subfield code="0">0</subfield>
    <subfield code="1">0</subfield>
    <subfield code="2">ddc</subfield>
    <subfield code="4">0</subfield>
    <subfield code="6">623_850300000000000_M1454</subfield>
    <subfield code="7">0</subfield>
    <subfield code="9">8132</subfield>
    <subfield code="a">CL</subfield>
    <subfield code="b">CL</subfield>
    <subfield code="d">2011-04-28</subfield>
    <subfield code="e">Shroff Publishers and Distributors</subfield>
    <subfield code="l">4</subfield>
    <subfield code="m">2</subfield>
    <subfield code="o">623.8503 M1454</subfield>
    <subfield code="p">11226</subfield>
    <subfield code="q">2026-05-31</subfield>
    <subfield code="r">2026-05-16</subfield>
    <subfield code="s">2026-05-16</subfield>
    <subfield code="v">1619.00</subfield>
    <subfield code="y">BK</subfield>
  </datafield>
  <datafield tag="952" ind1=" " ind2=" ">
    <subfield code="0">0</subfield>
    <subfield code="1">0</subfield>
    <subfield code="2">ddc</subfield>
    <subfield code="4">0</subfield>
    <subfield code="6">623_850300000000000_M1454</subfield>
    <subfield code="7">0</subfield>
    <subfield code="9">8133</subfield>
    <subfield code="a">CL</subfield>
    <subfield code="b">CL</subfield>
    <subfield code="d">2011-04-28</subfield>
    <subfield code="e">Shroff Publishers and Distributors</subfield>
    <subfield code="l">2</subfield>
    <subfield code="o">623.8503 M1454</subfield>
    <subfield code="p">11227</subfield>
    <subfield code="r">2024-12-13</subfield>
    <subfield code="s">2024-12-02</subfield>
    <subfield code="v">1619.00</subfield>
    <subfield code="y">BK</subfield>
  </datafield>
  <datafield tag="952" ind1=" " ind2=" ">
    <subfield code="0">0</subfield>
    <subfield code="1">0</subfield>
    <subfield code="2">ddc</subfield>
    <subfield code="4">0</subfield>
    <subfield code="6">623_850300000000000_M1454</subfield>
    <subfield code="7">0</subfield>
    <subfield code="9">8134</subfield>
    <subfield code="a">CL</subfield>
    <subfield code="b">CL</subfield>
    <subfield code="d">2011-04-28</subfield>
    <subfield code="e">Shroff Publishers and Distributors</subfield>
    <subfield code="l">1</subfield>
    <subfield code="o">623.8503 M1454</subfield>
    <subfield code="p">11228</subfield>
    <subfield code="r">2023-03-10</subfield>
    <subfield code="s">2023-02-24</subfield>
    <subfield code="v">1619.00</subfield>
    <subfield code="y">BK</subfield>
  </datafield>
  <datafield tag="952" ind1=" " ind2=" ">
    <subfield code="0">0</subfield>
    <subfield code="1">0</subfield>
    <subfield code="2">ddc</subfield>
    <subfield code="4">0</subfield>
    <subfield code="6">623_850300000000000_M1454</subfield>
    <subfield code="7">0</subfield>
    <subfield code="9">8135</subfield>
    <subfield code="a">CL</subfield>
    <subfield code="b">CL</subfield>
    <subfield code="d">2011-04-28</subfield>
    <subfield code="e">Shroff Publishers and Distributors</subfield>
    <subfield code="o">623.8503 M1454</subfield>
    <subfield code="p">11229</subfield>
    <subfield code="r">2020-03-20</subfield>
    <subfield code="v">1619.00</subfield>
    <subfield code="y">BK</subfield>
  </datafield>
  <datafield tag="952" ind1=" " ind2=" ">
    <subfield code="0">0</subfield>
    <subfield code="1">0</subfield>
    <subfield code="2">ddc</subfield>
    <subfield code="4">0</subfield>
    <subfield code="6">623_850300000000000_M1454</subfield>
    <subfield code="7">0</subfield>
    <subfield code="9">8136</subfield>
    <subfield code="a">CL</subfield>
    <subfield code="b">CL</subfield>
    <subfield code="d">2011-04-28</subfield>
    <subfield code="e">Shroff Publishers and Distributors</subfield>
    <subfield code="o">623.8503 M1454</subfield>
    <subfield code="p">11230</subfield>
    <subfield code="r">2020-03-20</subfield>
    <subfield code="v">1619.00</subfield>
    <subfield code="y">BK</subfield>
  </datafield>
  <datafield tag="952" ind1=" " ind2=" ">
    <subfield code="0">0</subfield>
    <subfield code="1">0</subfield>
    <subfield code="2">ddc</subfield>
    <subfield code="4">0</subfield>
    <subfield code="6">623_850300000000000_M1454</subfield>
    <subfield code="7">0</subfield>
    <subfield code="9">8137</subfield>
    <subfield code="a">CL</subfield>
    <subfield code="b">CL</subfield>
    <subfield code="d">2011-04-28</subfield>
    <subfield code="e">Shroff Publishers and Distributors</subfield>
    <subfield code="o">623.8503 M1454</subfield>
    <subfield code="p">11231</subfield>
    <subfield code="r">2020-03-20</subfield>
    <subfield code="v">1619.00</subfield>
    <subfield code="y">BK</subfield>
  </datafield>
  <datafield tag="952" ind1=" " ind2=" ">
    <subfield code="0">0</subfield>
    <subfield code="1">0</subfield>
    <subfield code="2">ddc</subfield>
    <subfield code="4">0</subfield>
    <subfield code="6">623_850300000000000_M1454</subfield>
    <subfield code="7">0</subfield>
    <subfield code="9">8138</subfield>
    <subfield code="a">CL</subfield>
    <subfield code="b">CL</subfield>
    <subfield code="d">2011-04-28</subfield>
    <subfield code="e">Shroff Publishers and Distributors</subfield>
    <subfield code="o">623.8503 M1454</subfield>
    <subfield code="p">11232</subfield>
    <subfield code="r">2020-03-20</subfield>
    <subfield code="v">1619.00</subfield>
    <subfield code="y">BK</subfield>
  </datafield>
  <datafield tag="952" ind1=" " ind2=" ">
    <subfield code="0">0</subfield>
    <subfield code="1">0</subfield>
    <subfield code="2">ddc</subfield>
    <subfield code="4">0</subfield>
    <subfield code="6">623_850300000000000_M1454</subfield>
    <subfield code="7">0</subfield>
    <subfield code="9">8139</subfield>
    <subfield code="a">CL</subfield>
    <subfield code="b">CL</subfield>
    <subfield code="d">2011-04-28</subfield>
    <subfield code="e">Shroff Publishers and Distributors</subfield>
    <subfield code="o">623.8503 M1454</subfield>
    <subfield code="p">11233</subfield>
    <subfield code="r">2020-03-20</subfield>
    <subfield code="v">1619.00</subfield>
    <subfield code="y">BK</subfield>
  </datafield>
  <datafield tag="952" ind1=" " ind2=" ">
    <subfield code="0">0</subfield>
    <subfield code="1">0</subfield>
    <subfield code="2">ddc</subfield>
    <subfield code="4">0</subfield>
    <subfield code="6">623_850300000000000_M1454</subfield>
    <subfield code="7">0</subfield>
    <subfield code="9">8140</subfield>
    <subfield code="a">CL</subfield>
    <subfield code="b">CL</subfield>
    <subfield code="d">2011-04-28</subfield>
    <subfield code="e">Shroff Publishers and Distributors</subfield>
    <subfield code="o">623.8503 M1454</subfield>
    <subfield code="p">11234</subfield>
    <subfield code="r">2020-03-20</subfield>
    <subfield code="v">1619.00</subfield>
    <subfield code="y">BK</subfield>
  </datafield>
</record>
